[Event "Santiago Endesa Interempresas op"]
[Site "Santiago de Chile"]
[Date "2007.??.??"]
[Round "2"]
[White "Vasquez Schroder, Rodrigo Rafael"]
[Black "Cabrera Gonzalez, Sergio"]
[Result "1-0"]
[WhiteElo "2522"]
[BlackElo "2060"]
[PlyCount "77"]
[EventDate "2007.??.??"]
[EventType "swiss"]
[EventRounds "9"]
[EventCountry "CHI"]
[SourceTitle "EXT 2008"]
[Source "ChessBase"]
[SourceDate "2007.11.25"]
[SourceVersion "1"]
[SourceVersionDate "2007.11.25"]
[SourceQuality "1"]

1. e4 e5 2. Nf3 Nc6 3. Bb5 f5 4. d3 Nf6 5. 0-0 Bc5 6. exf5 0-0 7. Be3 Nd4 8. c3 Nxf3+ 9. Qxf3 Bb6 10. Re1 c6 11. Ba4 d5 12. Nd2 Qd7 13. Bxb6 axb6 14. Bc2 Qxf5 15. Qxf5 Bxf5 16. Rxe5 Ng4 17. Re2 Rfe8 18. Rxe8+ Rxe8 19. Nf3 Re2 20. Nd4 Rd2 21. Rd1 Rxd1+ 22. Bxd1 Bd7 23. Bxg4 Bxg4 24. f3 Bd7 25. Kf2 c5 26. Ne2 Kf7 27. d4 Ke7 28. Ke3 Kf6 29. Nf4 Bc6 30. h4 c4 31. Nh5+ Kf7 32. g4 g6 33. Ng3 h6 34. h5 Kf6 35. hxg6 Kxg6 36. Kf4 Ba4 37. Nf5 Bc6 38. Ke5 Kg5 39. f4+ 1-0